000 00724cab a2200241 4500
001 WB3128-49
008 090401t1995 xxu||||| |||| 00| 0 eng d
035 _a(Sirsi) u35694
041 _aeng
245 _aTop QSs struggle to find graduates
260 _c1995
350 _a0
490 _aBuilding
_v260(7901) 21 July 1995, 12(1)
520 _aLeading quantity surveying firms are dissatisfied with the standard of graduates leaving university having completed surveying courses.
650 _aGRADUATES
650 _aQUANTITY SURVEYORS
650 _aRECRUITMENT
650 _aSURVEYING FIRMS
690 _aPROFESSIONAL PRACTICE
690 _aQuantity surveying
_96263
942 _n0
948 _c04/03/1997
999 _c23347
_d23347